[Event "Reviakino"]
[Site "Reviakino"]
[Date "2017.12.26"]
[Round "9"]
[White "Bardina, Olga"]
[Black "Shmidt, Elena"]
[Result "0-1"]
[WhiteElo "2116"]
[BlackElo "2194"]
[PlyCount "74"]
[EventDate "2017.12.22"]
[EventType "tourn"]
[EventRounds "13"]
[EventCountry "RUS"]
[SourceTitle "CBM 182 Extra"]
[Source "ChessBase"]
[SourceDate "2018.02.23"]
[SourceVersion "1"]
[SourceVersionDate "2018.02.23"]
[SourceQuality "1"]

1. e4 e5 2. Nc3 Nf6 3. Nf3 Nc6 4. d4 exd4 5. Nxd4 Bb4 6. Nxc6 bxc6 7. Bd3 0-0 8. 0-0 h6 9. h3 d5 10. exd5 cxd5 11. Bf4 a6 12. Qf3 Bb7 13. a3 Bc5 14. b4 Bd4 15. Bd2 Ne4 16. Bxe4 dxe4 17. Qg3 f5 18. Rad1 Qf6 19. Ne2 Bb6 20. Bf4 Rf7 21. Rd2 Raf8 22. Rfd1 Kh7 23. Rd7 g5 24. Be5 Qe6 25. Rxf7+ Qxf7 26. Qc3 f4 27. Qd2 f3 28. Nd4 fxg2 29. Qe3 Qh5 30. Rd2 Rf3 31. Qe2 Qxh3 32. Bh2 Rxa3 33. Nb3 c5 34. Qc4 Qf5 35. bxc5 e3 36. fxe3 Bxc5 37. Qd3 Bxe3+ 0-1

[Event "Reviakino"]
[Site "Reviakino"]
[Date "2017.12.25"]
[Round "7"]
[White "Bardina, Olga"]
[Black "Moiseev, Viktor"]
[Result "0-1"]
[WhiteElo "2116"]
[BlackElo "2390"]
[PlyCount "120"]
[EventDate "2017.12.22"]
[EventType "tourn"]
[EventRounds "13"]
[EventCountry "RUS"]
[SourceTitle "CBM 182 Extra"]
[Source "ChessBase"]
[SourceDate "2018.02.23"]
[SourceVersion "1"]
[SourceVersionDate "2018.02.23"]
[SourceQuality "1"]

1. e4 c5 2. Nc3 Nc6 3. f4 g6 4. Nf3 Bg7 5. g3 d6 6. Bg2 Rb8 7. a4 a6 8. Qe2 Nf6 9. 0-0 0-0 10. h3 Ne8 11. d3 b5 12. axb5 axb5 13. Be3 b4 14. Nd1 Nc7 15. c3 Nb5 16. Qe1 Bb7 17. Bd2 bxc3 18. bxc3 Na5 19. Rb1 Na3 20. Rb2 Ba8 21. Ra2 Nb1 22. Be3 c4 23. Ba7 Rb3 24. Nd2 Nxd2 25. Qxd2 Qc7 26. Bf2 cxd3 27. Qxd3 Bc6 28. Qc2 Rfb8 29. Bd4 Nc4 30. Bxg7 Kxg7 31. Qd3 Bb5 32. Qd4+ e5 33. fxe5 Nxe5 34. Ra7 Rb7 35. Rxb7 Qxb7 36. Rf2 Qc7 37. Kh2 Kg8 38. Ra2 Bc6 39. Rd2 Rb1 40. Ne3 Rc1 41. c4 Bb7 42. Qxd6 Qxd6 43. Rxd6 Rc3 44. Nd5 Rxc4 45. Rb6 Bc6 46. Ne7+ Kg7 47. Nxc6 Nxc6 48. Kg1 h5 49. Kf2 Rc2+ 50. Kf1 Ne5 51. Rb5 Kf6 52. Rb6+ Kg5 53. Rb5 f6 54. Bf3 h4 55. gxh4+ Kxh4 56. Be2 Kxh3 57. Rb6 Kg3 58. Rb3+ Kf4 59. Rb6 Ke3 60. Ba6 Nf3 0-1

[Event "Reviakino"]
[Site "Reviakino"]
[Date "2017.12.22"]
[Round "1"]
[White "Poletova, Marianna"]
[Black "Bardina, Olga"]
[Result "1/2-1/2"]
[WhiteElo "2180"]
[BlackElo "2116"]
[PlyCount "45"]
[EventDate "2017.12.22"]
[EventType "tourn"]
[EventRounds "13"]
[EventCountry "RUS"]
[SourceTitle "CBM 182 Extra"]
[Source "ChessBase"]
[SourceDate "2018.02.23"]
[SourceVersion "1"]
[SourceVersionDate "2018.02.23"]
[SourceQuality "1"]

1. e4 e5 2. Nf3 Nc6 3. d4 exd4 4. Nxd4 Bc5 5. Nb3 Bb6 6. a4 a6 7. Nc3 Nf6 8. Bg5 d6 9. Qd2 0-0 10. 0-0-0 h6 11. Bxf6 Qxf6 12. f3 Be6 13. Nd5 Bxd5 14. Qxd5 Ne7 15. Qd2 Rfe8 16. Kb1 Rad8 17. Bc4 Ng6 18. Rhf1 Ne5 19. Be2 Nc6 20. Bc4 Ne5 21. Be2 Nc6 22. Bc4 Ne5 23. Be2 1/2-1/2